Hollow Knight: Silksong - Areas - Statistics

General Stats
  • This quiz has been taken 774 times
  • The average score is 23 of 28
Answer Stats
Answer % Correct
Moss Grotto
97%
Deep Docks
93%
Greymoor
92%
The Marrow
92%
Far Fields
91%
Bile Water
90%
Blasted Steps
87%
Bellhart
84%
Hunter's March
84%
Mount Fay
83%
Shellwood
83%
Sinners Road
83%
Wormways
83%
High Halls
82%
The Slab
82%
Choral Chambers
81%
The Abyss
81%
Sands of Karak
80%
Cogwork Core
79%
Underworks
79%
The Cradle
78%
Putrified Ducts
75%
Whispering Vaults
75%
Verdania
71%
Whiteward
70%
Memorium
64%
Weavenest Atla
62%
Grand Gate
59%
No matching quizzes found
Score Distribution
Percent of People with Each Score
Percentile by Number Answered
Your Score History
You have not taken this quiz